Understanding disability : (Record no. 4103)

000 -LEADER
fixed length control field 00790nam a22002651 4500
001 - CONTROL NUMBER
control field 010684793
003 - CONTROL NUMBER IDENTIFIER
control field UkOxU
005 - DATE AND TIME OF LATEST TRANSACTION
control field 20220318053641.0
008 - FIXED-LENGTH DATA ELEMENTS--GENERAL INFORMATION
fixed length control field 921109s1987 enk 000 0 eng d
015 ## - NATIONAL BIBLIOGRAPHY NUMBER
National bibliography number GB 86-30418
020 ## - INTERNATIONAL STANDARD BOOK NUMBER
International Standard Book Number 0713135638
035 ## - SYSTEM CONTROL NUMBER
System control number CURL Interim file ISBN03 record 113426
040 ## - CATALOGING SOURCE
Transcribing agency ALUPE UNIVERSITY
082 ## - DEWEY DECIMAL CLASSIFICATION NUMBER
Classification number RC71.3
Item number .S76 1987
092 ## - LOCALLY ASSIGNED DEWEY CALL NUMBER (OCLC)
Classification number D0500794153
100 1# - MAIN ENTRY--PERSONAL NAME
Personal name Stopford, Victoria.
245 10 - TITLE STATEMENT
Title Understanding disability :
Remainder of title causes, characteristics, and coping /
Statement of responsibility, etc. Victoria Stopford
260 ## - PUBLICATION, DISTRIBUTION, ETC.
Place of publication, distribution, etc. London :
Name of publisher, distributor, etc. Edward Arnold,
Date of publication, distribution, etc. 1987
300 ## - PHYSICAL DESCRIPTION
Extent [171] p ;
Dimensions 22 cm
650 #0 - SUBJECT ADDED ENTRY--TOPICAL TERM
Topical term or geographic name entry element Diagnosis.
650 #0 - SUBJECT ADDED ENTRY--TOPICAL TERM
Topical term or geographic name entry element People with disabilities
650 #0 - SUBJECT ADDED ENTRY--TOPICAL TERM
Topical term or geographic name entry element Disability evaluation
942 ## - ADDED ENTRY ELEMENTS (KOHA)
Source of classification or shelving scheme
Koha item type Book
Holdings
Withdrawn status Lost status Source of classification or shelving scheme Damaged status Not for loan Permanent Location Current Location Shelving location Date acquired Source of acquisition Total Checkouts Full call number Barcode Date last seen Price effective from Koha item type Public note
          AU LIBRARY AU LIBRARY Open Shelf 18.03.2022 DONATION FROM MOI UNIVERSITY   RC71.3 .S76 1987 28005796 18.03.2022 18.03.2022 Book SM

Powered by Koha